000 00275nam a22001097a 4500
082 _a621.3815287 GRI'T
100 _aGRIFFIN, A,RAMSHAW, R. S
_979395
245 _aTHE THYRISTOR AND ITS APPLICATIONS
260 _aLONDON
_bCHAPMAN & HALL
_c1965
300 _a175P
942 _cBK
999 _c584439
_d584439